Most popular apps 2025 - Statistics

General Stats
  • This quiz has been taken 58 times
  • The average score is 5 of 10
Answer Stats
Hint Answer % Correct
30 millions Facebook
96%
38 millions Instagram
96%
20 millions Snapchat
89%
39 millions TikTok
87%
27 millions WhatsApp
61%
52 millions Chatgpt
28%
19 millions Telegram
26%
22 millions Threads
20%
23 millions Capcut
15%
26 millions Temu
15%
No matching quizzes found
Score Distribution
Percent of People with Each Score
Percentile by Number Answered
Your Score History
You have not taken this quiz